The Mayor of Casterbridge. (Record no. 42769)
[ view plain ]
| 000 -LEADER | |
|---|---|
| fixed length control field | 00738nam a22002411a 4500 |
| 005 - DATE AND TIME OF LATEST TRANSACTION | |
| control field | 20110718133853.0 |
| 008 - FIXED-LENGTH DATA ELEMENTS--GENERAL INFORMATION | |
| fixed length control field | 091005s 001 0 eng d |
| 020 ## - INTERNATIONAL STANDARD BOOK NUMBER | |
| International Standard Book Number | 0333172663 : |
| Terms of availability | 0.00 |
| 040 ## - CATALOGING SOURCE | |
| Original cataloging agency | NEGST Library - Kenya |
| 082 0# - DEWEY DECIMAL CLASSIFICATION NUMBER | |
| Classification number | PZ 3.H222M45 1975 |
| 100 1# - MAIN ENTRY--PERSONAL NAME | |
| Personal name | Hardy Thomas. |
| 245 14 - TITLE STATEMENT | |
| Title | The Mayor of Casterbridge. |
| 260 ## - PUBLICATION, DISTRIBUTION, ETC. (IMPRINT) | |
| Name of publisher, distributor, etc | Macmillan education; Hou, |
| Date of publication, distribution, etc | [1979]c1975. |
| 300 ## - PHYSICAL DESCRIPTION | |
| Extent | 441 p. |
| 600 10 - SUBJECT ADDED ENTRY--PERSONAL NAME | |
| Personal name | Atonement --Fiction. |
| 600 10 - SUBJECT ADDED ENTRY--PERSONAL NAME | |
| Personal name | Atonement --Fiction. |
| 600 10 - SUBJECT ADDED ENTRY--PERSONAL NAME | |
| Personal name | Fathers and daughters --Fiction. |
| 600 10 - SUBJECT ADDED ENTRY--PERSONAL NAME | |
| Personal name | Mayors --Fiction. |
| 600 10 - SUBJECT ADDED ENTRY--PERSONAL NAME | |
| Personal name | Runaway husbands --Fiction. |
| 600 10 - SUBJECT ADDED ENTRY--PERSONAL NAME | |
| Personal name | Runaway husbands --Fiction. |
| 600 10 - SUBJECT ADDED ENTRY--PERSONAL NAME | |
| Personal name | Wessex (England) --Fiction. |
| 852 ## - LOCATION/CALL NUMBER | |
| -- | 20.00 |
| Withdrawn status | Lost status | Source of classification or shelving scheme | Damaged status | Not for loan | Collection code | Home library | Current library | Shelving location | Date acquired | Source of acquisition | Cost, normal purchase price | Total Checkouts | Full call number | Barcode | Date last seen | Date checked out | Copy number | Price effective from | Koha item type |
|---|---|---|---|---|---|---|---|---|---|---|---|---|---|---|---|---|---|---|---|
| Library of Congress Classification | Fiction | AIU/NEGST - Tony Wilmot Memorial Library | AIU/NEGST - Tony Wilmot Memorial Library | Fiction | 01/21/2010 | Donation- Dr. Sim | 20.00 | 1 | FIC PZ 3.H222M45 1975 | R40157F3232 | 09/29/2019 | 12/20/2011 | 1 | 01/21/2010 | Books |
